Ч. 2; Взаимодействие атомных частиц с твердым телом

Bibliografische gegevens
Parent link:Взаимодействие атомных частиц с твердым телом: в 3 ч./ Академия наук Украинской ССР (АН УССР) ; отв. ред. А. Г. Коваль.— , 1976
Coauteur: Взаимодействие атомных частиц с твердым телом
Taal:Russisch
Gepubliceerd in: 1976
Onderwerpen:
Formaat: Boek
KOHA link:https://koha.lib.tpu.ru/cgi-bin/koha/opac-detail.pl?biblionumber=310084

MARC

LEADER 00000nam2a2200000 4500
001 310084
005 20231102002243.0
035 |a (RuTPU)RU\TPU\book\335425 
035 |a RU\TPU\book\335423 
090 |a 310084 
100 |a 20151120d1976 km y0rusy50 ca 
101 0 |a rus 
102 |a UA 
105 |a a z 101zy 
200 1 |a Ч. 2 
210 |d 1976 
215 |a 234 с.  |c ил. 
320 |a Библиогр. в конце ст. 
461 1 |0 (RuTPU)RU\TPU\book\373106  |t Взаимодействие атомных частиц с твердым телом  |o в 3 ч.  |o тезисы докладов IV Всесоюзной конференции  |f Академия наук Украинской ССР (АН УССР) ; отв. ред. А. Г. Коваль  |d 1976 
606 1 |a Элементарные частицы  |x Взаимодействие с поверхностью твердых тел  |2 stltpush  |3 (RuTPU)RU\TPU\subj\60246  |9 77682 
610 1 |a атомные частицы 
610 1 |a рассеяние 
610 1 |a поверхности 
610 1 |a структура 
610 1 |a ионная бомбардировка 
610 1 |a радиационные эффекты 
610 1 |a фотоны 
610 1 |a эмиссия 
610 1 |a взаимодействие с плазмой 
610 1 |a конференции 
610 1 |a Харьков 
675 |a 539.2:539.1(063)  |v 4 
712 1 2 |a Взаимодействие атомных частиц с твердым телом  |c конференция  |d 4  |e Харьков  |f 1976 
801 1 |a RU  |b 63413507  |c 20151028 
801 2 |a RU  |b 63413507  |c 20190920  |g RCR 
942 |c BK